[Event "European Senior Team Championship 2014"]
[Site "Sibenik"]
[Date "2014.04.03"]
[Round "3.10"]
[White "Giulian, Philip M"]
[Black "Dueckstein, Andreas"]
[Result "1/2-1/2"]
[WhiteElo "2193"]
[BlackElo "2188"]
[PlyCount "81"]
[EventDate "2014.04.01"]

1. d4 d5 2. c4 Nc6 3. cxd5 Qxd5 4. e3 e5 5. Nc3 Bb4 6. a3 Bxc3+ 7. bxc3 exd4 8.
cxd4 Nf6 9. Nf3 O-O 10. Be2 Re8 11. O-O Ne4 12. Bb2 Bg4 13. Qc2 Rad8 14. h3 Bh5
15. Rfd1 Rd6 16. Ne5 Bxe2 17. Qxe2 Qe6 18. Nxc6 bxc6 19. Rac1 Qf5 20. f3 Ng5
21. Rc5 Qg6 22. Re5 Ne6 23. f4 f5 24. Bc3 Red8 25. Bb4 Rd5 26. Rc1 Rxe5 27.
dxe5 Qe8 28. Qc4 c5 29. Bxc5 Qc6 30. Bd4 Qxc4 31. Rxc4 Rd5 32. Bxa7 Ra5 33. Bb8
Rxa3 34. Bxc7 Rxe3 35. Bd6 Kf7 36. Rb4 Kg6 37. Kh2 Rc3 38. Kg1 h6 39. Ra4 Kh5
40. Kh2 g6 41. g3 1/2-1/2

[Event "European Senior Team Championship 2014"]
[Site "Sibenik"]
[Date "2014.04.03"]
[Round "3.10"]
[White "Titz, Herbert"]
[Black "Robertson, Ian C"]
[Result "0-1"]
[WhiteElo "1995"]
[BlackElo "2161"]
[PlyCount "96"]
[EventDate "2014.04.01"]

1. e4 e6 2. d4 d5 3. Nd2 h6 4. Bd3 Nf6 5. e5 Nfd7 6. Ne2 c5 7. c3 Nc6 8. Nf3
cxd4 9. cxd4 Qb6 10. O-O Be7 11. Re1 g5 12. h3 Rg8 13. Qb3 h5 14. Qxb6 axb6 15.
g4 hxg4 16. hxg4 f6 17. exf6 Nxf6 18. Nh2 Kf7 19. f3 Nb4 20. Bb1 Bd7 21. Bd2
Bb5 22. Nc1 Nc6 23. Bc3 Ne8 24. Nf1 Bf6 25. Rd1 Ra4 26. Nb3 Be2 27. Re1 Bxf1
28. Kxf1 Nxd4 29. Nxd4 Bxd4 30. Bc2 Bxc3 31. Bxa4 Bxe1 32. Kxe1 Rh8 33. Kd2
Rh2+ 34. Kc3 Rf2 35. Bd1 Nd6 36. b3 Kf6 37. Kd3 Ke5 38. Ke3 Rh2 39. Be2 d4+ 40.
Kd3 Nb5 41. Re1 Kd5 42. f4 Rh3+ 43. Kc2 d3+ 44. Bxd3 Nd4+ 45. Kc3 gxf4 46. Rd1
e5 47. Kb4 e4 48. Bf1 Rg3 0-1

[Event "European Senior Team Championship 2014"]
[Site "Sibenik"]
[Date "2014.04.03"]
[Round "3.10"]
[White "Scrimgour, Alan"]
[Black "Newrkla, Alexander"]
[Result "1/2-1/2"]
[WhiteElo "2016"]
[BlackElo "1956"]
[PlyCount "49"]
[EventDate "2014.04.01"]

1. e4 c5 2. c3 d5 3. exd5 Qxd5 4. d4 Nf6 5. Nf3 Bg4 6. Be2 e6 7. Be3 cxd4 8.
cxd4 Bb4+ 9. Nc3 O-O 10. O-O Bxc3 11. bxc3 Nc6 12. c4 Qd7 13. Qd3 Rfd8 14. Rfd1
Qe7 15. Qb3 h6 16. a4 a5 17. Rab1 Rd7 18. Rb2 Ne4 19. h3 Bf5 20. d5 exd5 21.
cxd5 Nb4 22. Bc4 Nc5 23. Bxc5 Qxc5 24. Nd4 Be4 25. d6 1/2-1/2

[Event "European Senior Team Championship 2014"]
[Site "Sibenik"]
[Date "2014.04.03"]
[Round "3.41"]
[White "Malmdin, Nils-Ake"]
[Black "Kauko, Pekka"]
[Result "1-0"]
[WhiteElo "2175"]
[BlackElo "2013"]
[PlyCount "45"]
[EventDate "2014.04.01"]

1. e4 g6 2. d4 Bg7 3. Nc3 d6 4. f4 c6 5. Nf3 Nf6 6. Bd3 Qb6 7. Qe2 e5 8. dxe5
dxe5 9. Nxe5 O-O 10. Nc4 Qc7 11. e5 Bg4 12. Qf2 Nd5 13. h3 Be6 14. Ne4 b5 15.
Ncd6 Nd7 16. O-O Nxe5 17. fxe5 Bxe5 18. c4 bxc4 19. Nxc4 Bh2+ 20. Kh1 Nb4 21.
Nf6+ Kh8 22. Qh4 h5 23. Nxh5 1-0

[Event "European Senior Team Championship 2014"]
[Site "Sibenik"]
[Date "2014.04.03"]
[Round "3.42"]
[White "Alkkiomaki, Jyrki"]
[Black "Petersson, Gosta"]
[Result "0-1"]
[WhiteElo "1957"]
[BlackElo "2158"]
[PlyCount "50"]
[EventDate "2014.04.01"]

1. e4 e6 2. d4 d5 3. Nc3 Bb4 4. e5 Qd7 5. a3 Bxc3+ 6. bxc3 b6 7. Qg4 f5 8. Qg3
Ba6 9. Bxa6 Nxa6 10. Ne2 Nb8 11. O-O Nc6 12. Nf4 O-O-O 13. Nh5 g6 14. Nf6 Qf7
15. Nxg8 Rhxg8 16. Bg5 Rd7 17. Qd3 Kb7 18. f4 Na5 19. a4 c6 20. Rf3 Rc8 21. Rb1
Qf8 22. Rff1 Rdc7 23. Bh4 c5 24. Qb5 Nc4 25. Be1 Na3 0-1

[Event "European Senior Team Championship 2014"]
[Site "Sibenik"]
[Date "2014.04.03"]
[Round "3.43"]
[White "Nyberg, Ulf"]
[Black "Rantanen, Veikko"]
[Result "1-0"]
[WhiteElo "2141"]
[BlackElo "1927"]
[PlyCount "57"]
[EventDate "2014.04.01"]

1. d4 d5 2. c4 e6 3. Nc3 Nf6 4. cxd5 exd5 5. Bg5 Be7 6. Qc2 O-O 7. e3 c6 8. Bd3
h6 9. Bh4 Nbd7 10. Nge2 Re8 11. O-O Nf8 12. f3 Nh5 13. Bxe7 Qxe7 14. e4 dxe4
15. fxe4 Qg5 16. Kh1 Nf6 17. Ng1 Ne6 18. Nf3 Qh5 19. Rae1 Nf4 20. Bc4 Be6 21.
Bxe6 Nxe6 22. e5 Nd7 23. Ne4 Nb6 24. Qf2 Rad8 25. g4 Qxg4 26. Nf6+ gxf6 27. Rg1
Qxg1+ 28. Rxg1+ Kh8 29. Qh4 1-0

[Event "European Senior Team Championship 2014"]
[Site "Sibenik"]
[Date "2014.04.03"]
[Round "3.44"]
[White "Ranki, Martti"]
[Black "Nordstrom, Felix"]
[Result "1/2-1/2"]
[WhiteElo "1918"]
[BlackElo "2125"]
[PlyCount "85"]
[EventDate "2014.04.01"]

1. e4 c5 2. Nf3 d6 3. d4 cxd4 4. Nxd4 Nf6 5. Nc3 a6 6. Bd3 e5 7. Nde2 Be7 8.
O-O O-O 9. Ng3 g6 10. Kh1 Be6 11. f4 exf4 12. Bxf4 Nbd7 13. Qf3 Ne5 14. Qe2 Rc8
15. Rae1 Nfd7 16. Nd5 Bxd5 17. exd5 Bg5 18. Ne4 Bxf4 19. Rxf4 Qe7 20. Rff1 f5
21. Nc3 Qg7 22. Qd2 Rce8 23. h3 Re7 24. Ne2 Rfe8 25. Nf4 Nc5 26. b4 Ncxd3 27.
cxd3 Nf7 28. Rxe7 Rxe7 29. Ne6 Qe5 30. Rc1 h6 31. Rc8+ Kh7 32. Qc3 Qxc3 33.
Rxc3 g5 34. d4 Kg6 35. g3 Kf6 36. Kg2 Rd7 37. Rc8 Ke7 38. Rg8 Nd8 39. Nxd8 Rxd8
40. Rg7+ Kf8 41. Rxb7 Rc8 42. a4 Rc2+ 43. Kf3 1/2-1/2

[Event "European Senior Team Championship 2014"]
[Site "Sibenik"]
[Date "2014.04.03"]
[Round "3.45"]
[White "White, Alastair F"]
[Black "Woeber, Friedrich"]
[Result "1/2-1/2"]
[WhiteElo "2058"]
[BlackElo "2178"]
[PlyCount "42"]
[EventDate "2014.04.01"]

1. e4 c5 2. Nf3 Nc6 3. d4 cxd4 4. Nxd4 g6 5. g3 Bg7 6. Ne2 Nf6 7. Bg2 d6 8. O-O
O-O 9. Nbc3 Bd7 10. h3 Qa5 11. Nd5 Nxd5 12. exd5 Ne5 13. Bd2 Qc7 14. Bc3 Rfc8
15. Kh1 Qc5 16. Rc1 Bb5 17. Qe1 Ba6 18. Bd4 Qc4 19. f4 Qxe2 20. fxe5 Bh6 21.
Rf2 Qxe1+ 1/2-1/2

[Event "European Senior Team Championship 2014"]
[Site "Sibenik"]
[Date "2014.04.03"]
[Round "3.46"]
[White "Ernst, Michael"]
[Black "Borwell, Alan P"]
[Result "1/2-1/2"]
[WhiteElo "2170"]
[BlackElo "2018"]
[PlyCount "80"]
[EventDate "2014.04.01"]

1. d4 Nf6 2. c4 e6 3. Nc3 Bb4 4. Qc2 O-O 5. a3 Bxc3+ 6. Qxc3 b6 7. Bg5 Bb7 8.
e3 d6 9. f3 Nbd7 10. Bd3 h6 11. Bh4 Qe8 12. Ne2 e5 13. e4 a5 14. b3 c5 15. d5
Nh5 16. Qd2 Nf4 17. Nxf4 exf4 18. Qxf4 Ne5 19. Qd2 f5 20. O-O f4 21. Be2 g5 22.
Bf2 Qg6 23. g4 h5 24. h3 Kg7 25. Kg2 Rh8 26. b4 hxg4 27. hxg4 axb4 28. Qb2 Rxa3
29. Rxa3 Qh6 30. Bh4 Qxh4 31. Rg1 bxa3 32. Qxb6 Nxg4 33. fxg4 Qh3+ 34. Kf2 Qe3+
35. Kf1 Rh2 36. Qc7+ Kh8 37. Qd8+ Kh7 38. Qe7+ Kh8 39. Qf8+ Kh7 40. Qf7+ Kh8
1/2-1/2

[Event "European Senior Team Championship 2014"]
[Site "Sibenik"]
[Date "2014.04.03"]
[Round "3.47"]
[White "Mckerracher, Douglas"]
[Black "Winiwarter, Felix"]
[Result "0-1"]
[WhiteElo "1987"]
[BlackElo "2136"]
[PlyCount "66"]
[EventDate "2014.04.01"]

1. e4 c5 2. Nc3 Nc6 3. g3 g6 4. Bg2 Bg7 5. d3 e6 6. f4 Nge7 7. Nf3 d5 8. Bd2
Rb8 9. a4 a6 10. O-O O-O 11. Rb1 b5 12. axb5 axb5 13. Nh4 f5 14. exd5 exd5 15.
Re1 d4 16. Ne2 Be6 17. Nc1 Bd5 18. Nf3 c4 19. Ng5 Bxg2 20. Kxg2 Qd5+ 21. Qf3 c3
22. bxc3 dxc3 23. Be3 Rfe8 24. Nb3 h6 25. Nh3 Qf7 26. Bc5 Nd5 27. Ng1 Rbc8 28.
Kf2 Ncb4 29. Bxb4 Nxb4 30. Na1 Qa2 31. Rxe8+ Rxe8 32. Qd1 Nxd3+ 33. Kg2 Re1 0-1

[Event "European Senior Team Championship 2014"]
[Site "Sibenik"]
[Date "2014.04.03"]
[Round "3.48"]
[White "Danner, Lambert"]
[Black "Marks, Ian A"]
[Result "1-0"]
[WhiteElo "2101"]
[BlackElo "1985"]
[PlyCount "69"]
[EventDate "2014.04.01"]

1. g3 e5 2. Bg2 Nf6 3. c4 c6 4. Nc3 d5 5. cxd5 cxd5 6. Qb3 e4 7. Nh3 Nc6 8. Nf4
Na5 9. Qa4+ Bd7 10. Qd1 Bf5 11. f3 h6 12. fxe4 dxe4 13. Nxe4 Nxe4 14. Qa4+ Bd7
15. Qxe4+ Be7 16. Nd5 Bc6 17. O-O Bxd5 18. Qxd5 Qb6+ 19. e3 O-O 20. b3 Bf6 21.
Rb1 Rfd8 22. Qf5 Rac8 23. Be4 Nc6 24. Qh7+ Kf8 25. Bxc6 Rxc6 26. Ba3+ Ke8 27.
Qg8+ Kd7 28. Qxf7+ Kc8 29. d4 Rxd4 30. exd4 Qxd4+ 31. Rf2 Qe4 32. Rd1 Bd4 33.
Qf8+ Kc7 34. Rxd4 Qxd4 35. Qf4+ 1-0

[Event "European Senior Team Championship 2014"]
[Site "Sibenik"]
[Date "2014.04.03"]
[Round "3.49"]
[White "Lahti, Jouko"]
[Black "Huelsmann, Josef"]
[Result "1/2-1/2"]
[WhiteElo "2046"]
[BlackElo "2168"]
[PlyCount "44"]
[EventDate "2014.04.01"]

1. d4 d5 2. c4 e6 3. Nc3 c5 4. e3 Nf6 5. Nf3 Nc6 6. dxc5 Bxc5 7. a3 Ne4 8. Nxe4
dxe4 9. Qxd8+ Nxd8 10. Nd4 Bd7 11. b4 Be7 12. Bb2 a5 13. c5 axb4 14. axb4 Rxa1+
15. Bxa1 b6 16. Nb3 bxc5 17. Nxc5 Bxc5 18. bxc5 f6 19. Bc4 Ke7 20. Bc3 Nc6 21.
Kd2 Rb8 22. Ra1 Rb7 1/2-1/2

[Event "European Senior Team Championship 2014"]
[Site "Sibenik"]
[Date "2014.04.03"]
[Round "3.51"]
[White "Leukkunen, Raimo"]
[Black "Weisshaupt, Rainer"]
[Result "1-0"]
[WhiteElo "1881"]
[BlackElo "2154"]
[PlyCount "103"]
[EventDate "2014.04.01"]

1. f4 Nf6 2. Nf3 d5 3. e3 c5 4. Be2 Nc6 5. O-O g6 6. d4 cxd4 7. exd4 Bg7 8. c3
O-O 9. Ne5 Ne4 10. Nd2 Nxd2 11. Bxd2 Qb6 12. Qb3 Qxb3 13. axb3 Nxe5 14. fxe5
Bd7 15. c4 e6 16. Rf3 f5 17. exf6 Bxf6 18. Bc3 Be7 19. Raf1 Rae8 20. Rxf8+ Bxf8
21. Bg4 h5 22. Bh3 g5 23. g3 Bc6 24. Bg2 dxc4 25. Bxc6 bxc6 26. bxc4 Bg7 27.
Re1 Kf7 28. Kf2 c5 29. Ke3 cxd4+ 30. Bxd4 Bxd4+ 31. Kxd4 Rd8+ 32. Kc3 Kf6 33.
b4 e5 34. b5 Kf5 35. h3 e4 36. Re3 Ke5 37. c5 Rd1 38. Kc2 Rd7 39. c6 Rc7 40.
Rc3 h4 41. Kd2 hxg3 42. Rxg3 Kf4 43. Rc3 e3+ 44. Ke2 Ke4 45. Rxe3+ Kd4 46. Rb3
Kc4 47. Rb1 Kc5 48. Kf3 a6 49. bxa6 Rf7+ 50. Kg4 Kxc6 51. Kxg5 Rg7+ 52. Kf6 1-0

[Event "European Senior Team Championship 2014"]
[Site "Sibenik"]
[Date "2014.04.03"]
[Round "3.52"]
[White "Kurka, Dieter"]
[Black "Rintakoski, Pentti"]
[Result "1-0"]
[WhiteElo "2028"]
[BlackElo "1824"]
[PlyCount "105"]
[EventDate "2014.04.01"]

1. d4 e6 2. c4 d5 3. Nf3 Nf6 4. g3 Be7 5. Bg2 O-O 6. O-O Nbd7 7. Qc2 c5 8. cxd5
exd5 9. Bg5 cxd4 10. Nxd4 Nb6 11. Nc3 h6 12. Bxf6 Bxf6 13. Rfd1 Be6 14. Rac1
Bxd4 15. Rxd4 Qf6 16. Rcd1 Rac8 17. Qd3 Nc4 18. Rb1 Qe5 19. Nxd5 Nxb2 20. Qe3
Qxe3 21. fxe3 Rc2 22. Be4 Rxe2 23. Bf3 Rc2 24. Nb4 Rc3 25. Rxb2 Rxe3 26. Kf2
Rc3 27. Nd5 Ra3 28. Rbd2 g6 29. Bd1 Kg7 30. Bb3 b5 31. Rb4 a6 32. Nc7 Bxb3 33.
Rxb3 Ra4 34. Rbb2 Rc8 35. Rd7 b4 36. Re2 Ra5 37. g4 Kg8 38. Nd5 Rb8 39. Nf6+
Kg7 40. Ne8+ Kf8 41. Nd6 Kg8 42. Nxf7 Rf8 43. Ree7 Rxa2+ 44. Ke3 Rc8 45. Nxh6+
Kf8 46. Rf7+ Ke8 47. Rfe7+ Kf8 48. Rh7 Rc3+ 49. Kf4 Rf2+ 50. Kg5 Rc5+ 51. Nf5
Rfxf5+ 52. gxf5 Ke8 53. Ra7 1-0

[Event "European Senior Team Championship 2014"]
[Site "Sibenik"]
[Date "2014.04.03"]
[Round "3.53"]
[White "Kristiansen, Erling"]
[Black "Sterner, Johan"]
[Result "1/2-1/2"]
[WhiteElo "2189"]
[BlackElo "2017"]
[PlyCount "49"]
[EventDate "2014.04.01"]

1. d4 d5 2. c4 c6 3. Nf3 Nf6 4. Nbd2 a6 5. Qc2 Nbd7 6. g3 e6 7. Bg2 Be7 8. O-O
O-O 9. b3 b6 10. Bb2 Bb7 11. Ne5 Nxe5 12. dxe5 Nd7 13. Rad1 f5 14. exf6 Bxf6
15. e4 d4 16. f4 c5 17. e5 Bxg2 18. Kxg2 Be7 19. Qe4 Rf7 20. Nf3 Ra7 21. Bc1
Qa8 22. Qxa8+ Rxa8 23. Ne1 b5 24. Nd3 Nb6 25. Nb2 1/2-1/2

[Event "European Senior Team Championship 2014"]
[Site "Sibenik"]
[Date "2014.04.03"]
[Round "3.54"]
[White "Andersson, Sven-Olof"]
[Black "Dahl, Ivar M"]
[Result "1/2-1/2"]
[WhiteElo "2012"]
[BlackElo "2170"]
[PlyCount "84"]
[EventDate "2014.04.01"]

1. d4 e6 2. Nf3 b6 3. g3 Bb7 4. Bg2 Be7 5. O-O Nf6 6. c4 O-O 7. Nc3 c5 8. d5
exd5 9. cxd5 d6 10. a4 a6 11. e4 Re8 12. Re1 Nbd7 13. Bf4 Qc7 14. Rc1 h6 15.
Nd2 Bf8 16. Nc4 g5 17. Bd2 Nh7 18. f4 Bg7 19. Ne3 Ndf8 20. Nf5 Bc8 21. Nxg7
Kxg7 22. e5 Ra7 23. exd6 Rxe1+ 24. Qxe1 Qxd6 25. Ne4 Qg6 26. Bc3+ Kg8 27. fxg5
hxg5 28. Qd2 f5 29. Nf2 Rf7 30. Nd3 Nd7 31. Re1 Nhf6 32. Ne5 Nxe5 33. Rxe5 Bd7
34. d6 Kh7 35. Re7 Ne4 36. Bxe4 fxe4 37. Rxf7+ Qxf7 38. Qxg5 Bc6 39. Qh4+ Kg6
40. Qg4+ Kh7 41. Qh4+ Kg6 42. Qg4+ Kh7 1/2-1/2

[Event "European Senior Team Championship 2014"]
[Site "Sibenik"]
[Date "2014.04.03"]
[Round "3.55"]
[White "Mundal, Arnold"]
[Black "Gustavsson, Sture"]
[Result "0-1"]
[WhiteElo "1937"]
[BlackElo "2005"]
[PlyCount "98"]
[EventDate "2014.04.01"]

1. Nf3 Nf6 2. d4 g6 3. Bg5 Bg7 4. e3 d6 5. c4 O-O 6. Nc3 Nbd7 7. Be2 c6 8. O-O
Qb6 9. Rb1 Re8 10. b4 e5 11. c5 dxc5 12. dxc5 Qc7 13. e4 Nf8 14. Bc4 Be6 15.
Nd2 b5 16. Bb3 a5 17. a3 a4 18. Bc2 Rad8 19. Qe2 Rd7 20. Rfd1 h6 21. Bxf6 Bxf6
22. Nxb5 cxb5 23. Qxb5 Red8 24. Nc4 Bxc4 25. Qxc4 Ne6 26. Bxa4 Rxd1+ 27. Bxd1
Rd2 28. c6 Qa7 29. Qf1 Qxa3 30. Bb3 Bd8 31. Bxe6 fxe6 32. Qc4 Qa2 33. Qxa2 Rxa2
34. f3 Bb6+ 35. Kh1 Rc2 36. b5 Kf7 37. h4 Ke7 38. Rd1 Bd4 39. Rb1 Rb2 40. Rxb2
Bxb2 41. b6 Kd6 42. b7 Kc7 43. Kh2 Bd4 44. Kg3 Ba7 45. f4 Kxc6 46. fxe5 Kxb7
47. Kf4 Bf2 48. h5 g5+ 49. Kf3 Bd4 0-1

[Event "European Senior Team Championship 2014"]
[Site "Sibenik"]
[Date "2014.04.03"]
[Round "3.56"]
[White "Svensson, Soren"]
[Black "Lerstad, Bjorn"]
[Result "0-1"]
[WhiteElo "1998"]
[BlackElo "1914"]
[PlyCount "94"]
[EventDate "2014.04.01"]

1. d4 e6 2. c4 b6 3. e4 Bb7 4. d5 d6 5. Nc3 Nd7 6. Nf3 Be7 7. Bd3 e5 8. O-O
Ngf6 9. Nd2 O-O 10. a3 a5 11. Rb1 Nc5 12. Bc2 Bc8 13. b4 Nb7 14. h3 h6 15. f4
exf4 16. Nf3 axb4 17. axb4 Bd7 18. Nd4 Qc8 19. Bxf4 Re8 20. Qd3 Bd8 21. Rbe1
Re5 22. Nc6 Rh5 23. e5 Bf5 24. Qe2 dxe5 25. Bxe5 Rg5 26. Bf4 Bxc2 27. Bxg5 hxg5
28. Qxc2 Qd7 29. Qe2 Nd6 30. c5 bxc5 31. bxc5 Nf5 32. Qe5 Nh6 33. Ne7+ Kf8 34.
d6 cxd6 35. cxd6 Ra5 36. Qd4 Ra6 37. Qc4 Rxd6 38. Qb5 Bxe7 39. Qb8+ Qd8 40. Qb7
Rd7 41. Qb5 g4 42. hxg4 Nhxg4 43. Rd1 Qc7 44. Rf2 Bc5 45. Rxd7 Bxf2+ 46. Kf1
Qxd7 47. Qe2 Qf5 0-1

[Event "European Senior Team Championship 2014"]
[Site "Sibenik"]
[Date "2014.04.03"]
[Round "3.57"]
[White "Habershon, Paul F"]
[Black "Just, Joachim"]
[Result "1/2-1/2"]
[WhiteElo "2069"]
[BlackElo "1982"]
[PlyCount "53"]
[EventDate "2014.04.01"]

1. e4 g6 2. d4 Bg7 3. c4 c6 4. Nc3 d6 5. Be2 e5 6. dxe5 dxe5 7. Qxd8+ Kxd8 8.
Be3 Be6 9. Nf3 f6 10. O-O-O+ Kc7 11. c5 Nd7 12. Rd6 Re8 13. Rd2 Nh6 14. h3 Rd8
15. Rhd1 Nf7 16. b4 Bf8 17. Rb2 Bh6 18. Bxh6 Nxh6 19. Nd2 Rhe8 20. Nc4 Bxc4 21.
Bxc4 Nf8 22. Rbd2 Rxd2 23. Rxd2 Ne6 24. Rd6 Nf4 25. Bf1 Ne6 26. Bc4 Nf4 27. Bf1
1/2-1/2

[Event "European Senior Team Championship 2014"]
[Site "Sibenik"]
[Date "2014.04.03"]
[Round "3.58"]
[White "Swoboda, Peter"]
[Black "Reuben, Stewart"]
[Result "0-1"]
[WhiteElo "2011"]
[BlackElo "2063"]
[PlyCount "54"]
[EventDate "2014.04.01"]

1. d4 Nf6 2. c4 e6 3. Nc3 Bb4 4. e3 O-O 5. Nge2 d5 6. a3 Be7 7. cxd5 exd5 8.
Nf4 c6 9. Be2 Bf5 10. O-O Nbd7 11. b4 b5 12. Bd3 Bxd3 13. Nxd3 a5 14. Bb2 Nb6
15. Qc2 Nc4 16. Nc5 Qc7 17. h3 Rfe8 18. Rae1 Bd6 19. Re2 Qe7 20. Rfe1 Ne4 21.
N3xe4 dxe4 22. Rd1 f5 23. Qb3 axb4 24. axb4 Qf7 25. g3 Qh5 26. Qc2 Ra2 27. Kh2
Rxb2 0-1

[Event "European Senior Team Championship 2014"]
[Site "Sibenik"]
[Date "2014.04.03"]
[Round "3.59"]
[White "Phillips, William"]
[Black "Reinemann, Guenter"]
[Result "1/2-1/2"]
[WhiteElo "1939"]
[BlackElo "1980"]
[PlyCount "92"]
[EventDate "2014.04.01"]

1. e4 e6 2. d4 d5 3. exd5 exd5 4. Nf3 Nf6 5. c4 c6 6. Bd3 Be7 7. O-O dxc4 8.
Bxc4 O-O 9. Nc3 Bg4 10. Be3 Nbd7 11. h3 Bh5 12. Be2 Nb6 13. Nd2 Bg6 14. Bf3 Qd7
15. Qb3 Nbd5 16. Nc4 Qc7 17. Nxd5 Nxd5 18. Ne5 Rad8 19. Nxg6 hxg6 20. Rad1 Bf6
21. Bc1 Rfe8 22. Rd3 Qb6 23. Bxd5 Rxd5 24. Qxb6 axb6 25. Rfd1 Red8 26. Be3 c5
27. Kf1 cxd4 28. Bf4 Rc8 29. Rb3 b5 30. Ke2 g5 31. Bd2 Re8+ 32. Kd3 Rde5 33.
Bb4 Ra8 34. a3 Rc8 35. Re1 Rd5 36. Bd2 Rf5 37. f3 g6 38. Rc1 Rxc1 39. Bxc1 Rd5
40. Rb4 Rc5 41. Bd2 Kg7 42. Be1 Rc1 43. Bf2 Rf1 44. Ke2 Rc1 45. Bxd4 Bxd4 46.
Rxd4 Kf6 1/2-1/2

[Event "European Senior Team Championship 2014"]
[Site "Sibenik"]
[Date "2014.04.03"]
[Round "3.61"]
[White "Morris, Charles F"]
[Black "Vehkalahti, Veli"]
[Result "1-0"]
[WhiteElo "2142"]
[BlackElo "1972"]
[PlyCount "85"]
[EventDate "2014.04.01"]

1. c4 c6 2. g3 d5 3. Nf3 Nf6 4. Bg2 g6 5. b3 Bg7 6. O-O O-O 7. Bb2 Bf5 8. d3
dxc4 9. bxc4 Qc8 10. Qb3 Na6 11. Nbd2 Nc5 12. Qa3 Na6 13. Rab1 c5 14. Ng5 Nb4
15. Nge4 Nxe4 16. Nxe4 Rd8 17. Bxg7 Kxg7 18. Nxc5 Qxc5 19. Qxb4 Qe5 20. Qb2
Qxb2 21. Rxb2 Bg4 22. Bxb7 Rab8 23. f3 Bh3 24. Rfb1 Rd6 25. c5 Rd7 26. Ba6 Rxb2
27. Rxb2 Rc7 28. d4 e5 29. Rb7 Rxb7 30. Bxb7 exd4 31. c6 Be6 32. c7 Kf6 33.
c8=Q Bxc8 34. Bxc8 g5 35. Ba6 Ke5 36. Kf2 f5 37. Ke1 h5 38. Kd2 f4 39. gxf4+
Kxf4 40. Kd3 h4 41. Kxd4 g4 42. fxg4 Kxg4 43. Bc8+ 1-0

[Event "European Senior Team Championship 2014"]
[Site "Sibenik"]
[Date "2014.04.03"]
[Round "3.62"]
[White "Karppinen, Martti"]
[Black "Powell, Lloyd"]
[Result "0-1"]
[WhiteElo "1880"]
[BlackElo "2132"]
[PlyCount "130"]
[EventDate "2014.04.01"]

1. d4 Nf6 2. c4 e6 3. Nf3 c5 4. e3 d5 5. Bd3 Nc6 6. O-O Be7 7. Nc3 O-O 8. b3 b6
9. Bb2 Bb7 10. Rc1 Rc8 11. Re1 Re8 12. Ne2 Ne4 13. cxd5 exd5 14. Ng3 Nxg3 15.
hxg3 Bf6 16. Kh2 g6 17. Ba1 Qd7 18. Bc3 Qe7 19. Bb1 Nb8 20. Bd3 Nd7 21. Bb5 a6
22. Bxd7 Qxd7 23. Kg1 Red8 24. Nh2 h5 25. Qf3 Kg7 26. g4 h4 27. g5 Bxg5 28.
dxc5+ f6 29. Qg4 bxc5 30. Qxg5 d4 31. Qxh4 dxc3 32. Ng4 Qf5 33. Qh6+ Kg8 34.
Qh4 Kg7 35. Rxc3 Rd6 36. Qh6+ Kg8 37. Qh3 Kg7 38. Qh6+ Kg8 39. Qf4 Qxf4 40.
exf4 Kf7 41. Rce3 Rc7 42. a3 Rd4 43. g3 c4 44. Rc3 Rd3 45. Rxc4 Rxc4 46. bxc4
Rxa3 47. Rc1 a5 48. c5 Bc6 49. Ne3 Ra2 50. Nc2 Ke7 51. Nd4 Kd7 52. Nxc6 Kxc6
53. Kf1 a4 54. Kg2 a3 55. Kf3 Rb2 56. Rc3 a2 57. Ra3 Kxc5 58. Ra8 Kb4 59. g4
Kb3 60. Ke3 Kc2 61. g5 f5 62. Kd4 Kb1 63. Ke5 a1=Q 64. Rxa1+ Kxa1 65. Kf6 Rb6+
0-1

[Event "European Senior Team Championship 2014"]
[Site "Sibenik"]
[Date "2014.04.03"]
[Round "3.63"]
[White "Miles, Richard"]
[Black "Patola, Eero"]
[Result "1/2-1/2"]
[WhiteElo "2065"]
[BlackElo "1868"]
[PlyCount "71"]
[EventDate "2014.04.01"]

1. d4 f5 2. Bg5 Nf6 3. Bxf6 exf6 4. e3 d5 5. c4 Bb4+ 6. Nc3 Bxc3+ 7. bxc3 c6 8.
Qb3 Qb6 9. cxd5 Qxb3 10. axb3 cxd5 11. Bd3 b6 12. Ne2 Ke7 13. Kd2 g6 14. Ra2
Rd8 15. Rha1 Rd7 16. Nf4 Kd6 17. h3 Rc7 18. Be2 Nc6 19. Ra3 Bd7 20. Bf3 Ne7 21.
Ra6 Bc6 22. Nd3 Nc8 23. Nb4 Bb7 24. R6a2 a5 25. Nd3 Bc6 26. Nb2 Rca7 27. c4
dxc4 28. Bxc6 Kxc6 29. bxc4 b5 30. cxb5+ Kxb5 31. Na4 Kc6 32. Rc2+ Kd6 33. Rac1
Ne7 34. Rb1 Rc8 35. Rb6+ Rc6 36. Rcxc6+ 1/2-1/2

[Event "European Senior Team Championship 2014"]
[Site "Sibenik"]
[Date "2014.04.03"]
[Round "3.65"]
[White "Grahn, Lars"]
[Black "Niebuhr, Gerd"]
[Result "1-0"]
[WhiteElo "2000"]
[BlackElo "2036"]
[PlyCount "101"]
[EventDate "2014.04.01"]

1. d4 Nf6 2. c4 g6 3. Nc3 d5 4. e3 Bg7 5. Qb3 e6 6. Nf3 O-O 7. Bd2 b6 8. cxd5
exd5 9. Bd3 Bb7 10. O-O Ne4 11. Rfd1 Re8 12. Be1 c6 13. Bxe4 dxe4 14. Nd2 Qe7
15. Ndxe4 Na6 16. Ng3 Rad8 17. Nce2 h5 18. Nf4 h4 19. Nf1 Nc7 20. f3 Kh7 21.
Bf2 f5 22. Qc2 Nd5 23. Nxd5 cxd5 24. Rac1 Bf6 25. Qa4 a5 26. Qb5 Qd6 27. Rc3
Rc8 28. Rdc1 Rxc3 29. Rxc3 Rc8 30. Rxc8 Bxc8 31. g3 Bd7 32. Qa6 g5 33. Kg2 Kg7
34. a3 Qc7 35. gxh4 gxh4 36. Qe2 Qc4 37. Qd2 Bb5 38. Qd1 Ba4 39. Qb1 Qc2 40.
Qxc2 Bxc2 41. Kh3 Bd3 42. Nd2 f4 43. e4 dxe4 44. fxe4 Kg6 45. Kg4 b5 46. e5
Be2+ 47. Nf3 Bg5 48. Be1 a4 49. Bd2 Bxf3+ 50. Kxf3 Kf5 51. Bc3 1-0

[Event "European Senior Team Championship 2014"]
[Site "Sibenik"]
[Date "2014.04.03"]
[Round "3.66"]
[White "Juergens, Peter"]
[Black "Nordenstrom, Sven"]
[Result "1/2-1/2"]
[WhiteElo "2035"]
[BlackElo "1993"]
[PlyCount "37"]
[EventDate "2014.04.01"]

1. d4 e6 2. Nf3 d5 3. Bf4 c6 4. e3 f5 5. Bd3 Nf6 6. O-O Bd6 7. c4 O-O 8. Nc3
Qc7 9. Bxd6 Qxd6 10. Ne5 Ne4 11. f4 Nd7 12. Qc2 Ndf6 13. c5 Qe7 14. b4 Nxc3 15.
Qxc3 a6 16. a4 Bd7 17. Qb2 Rfb8 18. Rfb1 b5 19. axb5 1/2-1/2

[Event "European Senior Team Championship 2014"]
[Site "Sibenik"]
[Date "2014.04.03"]
[Round "3.67"]
[White "Johansson, Per"]
[Black "Hellwege, Werner"]
[Result "1/2-1/2"]
[WhiteElo "1945"]
[BlackElo "2006"]
[PlyCount "105"]
[EventDate "2014.04.01"]

1. d4 d5 2. Nf3 Nf6 3. c4 e6 4. g3 dxc4 5. Qa4+ Nbd7 6. Bg2 a6 7. Qxc4 b5 8.
Qc2 Bb7 9. Bd2 c5 10. dxc5 Bxc5 11. O-O Rc8 12. Qd1 O-O 13. a3 Qe7 14. Nc3 Rfd8
15. b4 Ba7 16. Qe1 Nb6 17. Be3 Ra8 18. Bc5 Qc7 19. e4 Nc4 20. Bxa7 Rxa7 21. e5
Ng4 22. Ne4 Ngxe5 23. Nxe5 Qxe5 24. Nc5 Qxe1 25. Rfxe1 Bxg2 26. Kxg2 a5 27.
bxa5 Rc8 28. Nb3 Nxa5 29. Nxa5 Rxa5 30. Rab1 Kf8 31. Re3 Ke7 32. Reb3 Rc5 33.
Rd1 Rc2 34. Rdb1 Rc5 35. Rd1 e5 36. Rbd3 Ra6 37. Rb3 f5 38. Rdb1 Ra5 39. h4 Ke6
40. Rd1 Rd5 41. Rc1 Kd7 42. Rbc3 Ra7 43. Rb3 e4 44. Rcb1 Ra5 45. Kf1 Kc6 46.
Rc1+ Rc5 47. Rd1 Rc2 48. Rd8 Rc5 49. Ke2 Ra7 50. Ke3 Rd7 51. Rc8+ Kd5 52. Rb2
Kc4 53. Rb4+ 1/2-1/2

[Event "European Senior Team Championship 2014"]
[Site "Sibenik"]
[Date "2014.04.03"]
[Round "3.68"]
[White "Fritsch, Juergen"]
[Black "Mossiaguine, Arina"]
[Result "1-0"]
[WhiteElo "1950"]
[BlackElo "1359"]
[PlyCount "60"]
[EventDate "2014.04.01"]

1. e4 e6 2. d4 d5 3. exd5 exd5 4. Nf3 f5 5. Bd3 Nf6 6. O-O Ne4 7. Ne5 g6 8. f3
Nd6 9. Qe2 Qe7 10. Nc3 c6 11. h4 Nf7 12. Bf4 Bg7 13. Qf2 Nxe5 14. dxe5 Nd7 15.
Bg5 Qe6 16. Rae1 O-O 17. Qd2 d4 18. Na4 b5 19. b3 Kh8 20. Nb2 Qd5 21. Bh6 Nxe5
22. Bxg7+ Kxg7 23. c4 bxc4 24. bxc4 Qd6 25. Qa5 Nxd3 26. Nxd3 Bd7 27. c5 Qb8
28. Qa4 Qb5 29. Qxd4+ Kg8 30. Re7 Be8 1-0